Kamus: (Record no. 88900)

MARC details
000 -LEADER
fixed length control field 00757cam a22002531 4500
001 - CONTROL NUMBER
control field sa 68019468
003 - CONTROL NUMBER IDENTIFIER
control field DLC
005 - DATE AND TIME OF LATEST TRANSACTION
control field 20260227112717.0
008 - FIXED-LENGTH DATA ELEMENTS--GENERAL INFORMATION
fixed length control field 720920s1964 xx 000 0 ind
010 ## - LIBRARY OF CONGRESS CONTROL NUMBER
LC control number sa 68019468
035 ## - SYSTEM CONTROL NUMBER
System control number (OCoLC)411417
040 ## - CATALOGING SOURCE
Original cataloging agency DLC
Transcribing agency OAU
Modifying agency CU
-- DLC
041 0# - LANGUAGE CODE
Language code of text/sound track or separate title indaraeng
042 ## - AUTHENTICATION CODE
Authentication code premarc
050 00 - LIBRARY OF CONGRESS CALL NUMBER
Classification number PL5077
Item number .A2 1964
100 2# - MAIN ENTRY--PERSONAL NAME
Personal name Bin Nuh, Abdullah.
245 10 - TITLE STATEMENT
Title Kamus:
Remainder of title Arab, Indonesia, Inggeris
Statement of responsibility, etc. [oleh] Abd. bin Nuh dan Oemar Bakry.
250 ## - EDITION STATEMENT
Edition statement [Tjet. 3.]
260 ## - PUBLICATION, DISTRIBUTION, ETC.
Place of publication, distribution, etc. Djakarta,
Name of publisher, distributor, etc. Mutiara
Date of publication, distribution, etc. [Kata pengantar 1964]
300 ## - PHYSICAL DESCRIPTION
Extent 266 p.
Dimensions 18 cm.
650 #0 - SUBJECT ADDED ENTRY--TOPICAL TERM
Topical term or geographic name entry element Indonesian language
General subdivision Dictionaries
-- Arabic.
650 #0 - SUBJECT ADDED ENTRY--TOPICAL TERM
Topical term or geographic name entry element Indonesian language
General subdivision Dictionaries
-- English.
700 1# - ADDED ENTRY--PERSONAL NAME
Personal name Bakry, Oemar,
Relator term joint author.

No items available.

Powered by Koha